[Event "46th OKU-A 2019"]
[Site "Utrecht"]
[Date "2019.06.02"]
[Round "6.4"]
[White "Miezis, Normunds"]
[Black "Lecomte, Robin"]
[Result "1-0"]
[WhiteElo "2456"]
[BlackElo "2224"]
[Annotator "TA"]
[PlyCount "97"]
[EventDate "2019.05.31"]
[EventType "swiss"]
[EventCountry "NED"]
[SourceTitle "playchess.com"]
[Source "ChessBase"]
[SourceQuality "1"]

{[%evp 15,97,27,45,41,69,69,71,52,61,60,76,74,67,57,62,35,73,57,66,65,70,69,63,70,80,92,114,114,165,149,170,141,158,171,139,88,88,87,88,91,87,83,104,110,111,104,114,112,111,37,115,113,124,33,83,81,81,0,95,91,96,96,151,177,1047,1035,979,989,953,960,971,927,937,844,9834,8971,5998,5193,12793,6078,29993,29994,29995,29996]} 1. c4 Nf6 2. Nc3 g6 3. g3 Bg7 4. Bg2 O-O 5. e4 d6 6. Nge2 e5 7. O-O c6 8. d4 Qc7 9. h3 {E72: King's Indian: 4 e4 d6 5 g3} Nbd7 10. Be3 Re8 (10... a6 11. c5 dxc5 12. dxc5 Rd8 13. Qc2 b5 14. cxb6 Nxb6 15. b3 a5 16. Rac1 Ba6 17. Rfd1 Rxd1+ 18. Rxd1 {½-½ (54) Lammers,M (2348)-Zelbel,P (2395) Austria 2014}) 11. Re1 {White is better.} a6 12. Rc1 exd4 $146 ({Predecessor:} 12... Nf8 13. Qd2 Bd7 14. b4 Rad8 15. d5 cxd5 16. cxd5 Qb8 17. b5 axb5 18. Rb1 {1-0 (79) Sedlacek,P (2229)-Skreno,V (2165) Slovakia 2012}) 13. Nxd4 Nc5 {[%cal Rc5e4]} 14. f3 a5 15. Bf2 b6 16. f4 Bb7 17. Rc2 Rad8 18. Rce2 Nfd7 19. Rd2 Qb8 20. a3 {[%cal Ba2a3,Ba3b4][%mdl 32]} Nf6 21. b4 axb4 (21... Na6 $16) 22. axb4 $18 Na6 23. b5 c5 24. bxa6 cxd4 25. Bxd4 (25. axb7 $142 dxc3 26. Rd3) 25... Bxa6 $16 26. Qa4 Qc8 27. Nb5 Bxb5 28. Qxb5 Nh5 29. Kh2 ({Don't play} 29. Bxb6 $6 Bc3 $11) ({Much weaker is} 29. Qxb6 $6 Bxd4+ 30. Rxd4 (30. Qxd4 Nxg3 31. Ra1 Qe6 $11) 30... Nxg3 $11) 29... Bxd4 30. Rxd4 Qc5 {[#]} 31. Red1 $1 Rc8 32. Qb2 (32. Rxd6 $16 Qf2 33. Qg5) 32... Rb8 (32... Nf6 $14) 33. Rxd6 b5 34. R1d5 (34. cxb5 $16 {Black must now prevent b6.} Rxb5 35. Qa2) 34... Qxc4 35. Rd4 Qc5 36. Qb3 (36. R6d5 $16 Qa7 37. e5 (37. Rxb5 Rxb5 38. Qxb5 Qxd4 $16)) 36... b4 (36... Ra8 $11 {keeps the balance.}) 37. Rd7 Rf8 38. Rc4 Qb6 ({Better is} 38... Qa5) 39. Rcc7 $40 {[%cal Rd7f7][%mdl 128] White goes for the king.} Qf6 $2 (39... Qe6 40. Qxe6 fxe6) 40. e5 $18 Qf5 {[#]} 41. Rxf7 $3 {[%mdl 512]} Rxf7 (41... Qxf7 42. Bd5) 42. Rxf7 ({Weaker is} 42. Be4 Kg7 $16) 42... Qxf7 43. Bd5 Qxd5 44. Qxd5+ {KQ-KRN} Kg7 45. e6 {White wants to mate with Qe5+.} Nf6 {[#]} 46. Qe5 $1 {White threatens Qc7+ and mate.} Rb7 47. g4 {g5 would kill now.} b3 48. g5 {[%mdl 64] Pin} b2 49. gxf6+ {Accuracy: White = 77%, Black = 33%.} 1-0

[Event "46th OKU-A 2019"]
[Site "Utrecht"]
[Date "2019.06.02"]
[Round "6.5"]
[White "Van Dael, Siem"]
[Black "Lalic, Bogdan"]
[Result "0-1"]
[WhiteElo "2218"]
[BlackElo "2400"]
[Annotator "ChessBase"]
[PlyCount "80"]
[EventDate "2019.05.31"]
[EventType "swiss"]
[EventCountry "NED"]
[SourceTitle "playchess.com"]
[Source "ChessBase"]
[SourceQuality "1"]
[TimeControl "6600+10"]

1. e4 {[%emt 0:00:00]} e5 {[%emt 0:04:16]} 2. Nf3 {[%emt 0:00:05]} Nc6 {[%emt 0:00:05]} 3. Bc4 {[%emt 0:00:30]} Bc5 {[%emt 0:00:06]} 4. d3 {[%emt 0:01:04]} Nf6 {[%emt 0:00:11]} 5. c3 {[%emt 0:01:17]} d6 {[%emt 0:00:26]} 6. a4 {[%emt 0:00:08]} a5 {[%emt 0:00:46]} 7. O-O {[%emt 0:00:30]} O-O {[%emt 0:00:17]} 8. Bg5 {[%emt 0:00:15]} h6 {[%emt 0:01:29]} 9. Bh4 {[%emt 0:00:09]} g5 {[%emt 0:00:57]} 10. Bg3 {[%emt 0:01:39]} Bg4 {[%emt 0:01:29]} 11. Nbd2 {[%emt 0:05:13]} Nh5 {[%emt 0:01:14]} 12. Kh1 {[%emt 0:00:46]} Qf6 {[%emt 0:08:30]} 13. h3 {[%emt 0:06:59]} Bd7 {[%emt 0:00:24]} 14. d4 {[%emt 0:06:52]} exd4 {[%emt 0:01:38]} 15. Nb3 {[%emt 0:00:38]} Bb6 {[%emt 0:01:01]} 16. cxd4 {[%emt 0:08:08]} Nxg3+ {[%emt 0:01:32]} 17. fxg3 {[%emt 0:00:12]} Qg7 {[%emt 0:00:04]} 18. g4 {[%emt 0:06:31]} Rae8 {[%emt 0:06:31]} 19. Re1 {[%emt 0:04:08]} h5 {[%emt 0:01:38]} 20. gxh5 {[%emt 0:03:48]} g4 {[%emt 0:00:06]} 21. Nh2 {[%emt 0:01:01]} gxh3 {[%emt 0:02:35]} 22. gxh3 {[%emt 0:01:16]} Kh8 {[%emt 0:00:04]} 23. Qd2 {[%emt 0:24:03]} Qh7 {[%emt 0:17:24]} 24. Bd3 {[%emt 0:07:46]} Qxh5 {[%emt 0:02:39]} 25. Qf4 {[%emt 0:00:32]} f6 {[%emt 0:00:40]} 26. Bb5 {[%emt 0:03:19]} Re7 {[%emt 0:02:27]} 27. Rad1 {[%emt 0:16:37]} Bxh3 {[%emt 0:02:39]} 28. Rg1 {[%emt 0:02:22]} Rh7 {[%emt 0:01:37]} 29. Rd3 {[%emt 0:01:09]} Ne7 {[%emt 0:01:33]} 30. Bc4 {[%emt 0:01:54]} Bd7 {[%emt 0:01:07]} 31. Rd2 {[%emt 0:01:07]} Qh4 {[%emt 0:02:59]} 32. Rf2 {[%emt 0:01:24]} Qxf4 {[%emt 0:00:45]} 33. Rxf4 {[%emt 0:00:02]} Bxa4 {[%emt 0:00:19]} 34. Rd1 {[%emt 0:01:59]} Bc6 {[%emt 0:00:59]} 35. Be6 {[%emt 0:02:01]} Ba4 {[%emt 0:08:38]} 36. Kg2 {[%emt 0:00:24]} Bxb3 {[%emt 0:00:04]} 37. Bxb3 {[%emt 0:00:04]} f5 {[%emt 0:00:44]} 38. exf5 {[%emt 0:00:16]} Nxf5 {[%emt 0:00:50]} 39. Re1 {[%emt 0:00:11]} Ne3+ {[%emt 0:07:02]} 40. Rxe3 {[%emt 0:00:10]} Rxf4 {[%emt 0:00:02]} 0-1

[Event "46th OKU-A 2019"]
[Site "Utrecht"]
[Date "2019.06.02"]
[Round "6.6"]
[White "Cornelisse, John"]
[Black "Van Overdam, Julian"]
[Result "0-1"]
[WhiteElo "2204"]
[BlackElo "2371"]
[Annotator "ChessBase"]
[PlyCount "154"]
[EventDate "2019.05.31"]
[EventType "swiss"]
[EventCountry "NED"]
[SourceTitle "playchess.com"]
[Source "ChessBase"]
[SourceQuality "1"]
[TimeControl "6600+10"]

1. d4 {[%emt 0:00:00]} Nf6 {[%emt 0:00:01]} 2. c4 {[%emt 0:00:03]} e6 {[%emt 0:00:08]} 3. Nc3 {[%emt 0:00:14]} Bb4 {[%emt 0:00:37]} 4. e3 {[%emt 0:00:17]} b6 {[%emt 0:00:22]} 5. Nge2 {[%emt 0:00:46]} Bb7 {[%emt 0:00:16]} 6. a3 {[%emt 0:01:57]} Be7 {[%emt 0:00:46]} 7. d5 {[%emt 0:00:49]} O-O {[%emt 0:01:18]} 8. Ng3 {[%emt 0:00:39]} Re8 {[%emt 0:01:28]} 9. Be2 {[%emt 0:01:44]} b5 {[%emt 0:02:17]} 10. O-O {[%emt 0:04:35]} bxc4 {[%emt 0:01:02]} 11. e4 {[%emt 0:00:53]} Bf8 {[%emt 0:09:11]} 12. Bxc4 {[%emt 0:06:48]} Ba6 {[%emt 0:01:26]} 13. Bxa6 {[%emt 0:01:34]} Nxa6 {[%emt 0:00:49]} 14. b4 {[%emt 0:00:11]} d6 {[%emt 0:09:19]} 15. Be3 {[%emt 0:03:58]} Nb8 {[%emt 0:02:33]} 16. Rc1 {[%emt 0:03:11]} c6 {[%emt 0:01:50]} 17. h3 {[%emt 0:07:05]} Qd7 {[%emt 0:04:04]} 18. Qd3 {[%emt 0:05:07]} Qb7 {[%emt 0:07:28]} 19. Rfd1 {[%emt 0:02:58]} cxd5 {[%emt 0:02:34]} 20. exd5 {[%emt 0:00:13]} Nbd7 {[%emt 0:00:27]} 21. Nge4 {[%emt 0:23:37]} Nxe4 {[%emt 0:04:36]} 22. Nxe4 {[%emt 0:02:23]} Ne5 {[%emt 0:00:59]} 23. Qb1 {[%emt 0:01:53]} exd5 {[%emt 0:02:41]} 24. Nc3 {[%emt 0:04:59]} Nc4 {[%emt 0:01:05]} 25. Nxd5 {[%emt 0:00:56]} Nxa3 {[%emt 0:01:13]} 26. Qf5 {[%emt 0:00:34]} Rac8 {[%emt 0:10:55]} 27. Rxc8 {[%emt 0:08:53]} Qxc8 {[%emt 0:00:34]} 28. Qxc8 {[%emt 0:00:52]} Rxc8 {[%emt 0:00:05]} 29. Bxa7 {[%emt 0:00:05]} Nb5 {[%emt 0:01:32]} 30. Be3 {[%emt 0:00:22]} f6 {[%emt 0:01:57]} 31. Ra1 {[%emt 0:05:31]} Kf7 {[%emt 0:03:07]} 32. Ra5 {[%emt 0:00:44]} Nc3 {[%emt 0:00:06]} 33. Ra7+ {[%emt 0:02:49]} Ke6 {[%emt 0:01:27]} 34. Nc7+ {[%emt 0:00:16]} Kf5 {[%emt 0:03:09]} 35. b5 {[%emt 0:07:06]} d5 {[%emt 0:00:02]} 36. b6 {[%emt 0:01:00]} d4 {[%emt 0:00:18]} 37. b7 {[%emt 0:00:27]} Rb8 {[%emt 0:00:02]} 38. Bd2 {[%emt 0:01:08]} Bd6 {[%emt 0:04:34]} 39. Na6 {[%emt 0:04:13]} Nb5 {[%emt 0:00:05]} 40. Nxb8 {[%emt 0:00:26]} Nxa7 {[%emt 0:00:04]} 41. Nd7 {[%emt 0:00:20]} Nc6 {[%emt 0:00:04]} 42. Kf1 {[%emt 0:02:25]} Ke6 {[%emt 0:00:38]} 43. Nb6 {[%emt 0:00:08]} Bc7 {[%emt 0:00:38]} 44. Nc4 {[%emt 0:00:31]} Kd5 {[%emt 0:00:33]} 45. Nb2 {[%emt 0:00:11]} Bd6 {[%emt 0:01:45]} 46. Nd3 {[%emt 0:01:47]} Nd8 {[%emt 0:00:55]} 47. Nf4+ {[%emt 0:00:29]} Bxf4 {[%emt 0:00:34]} 48. Bxf4 {[%emt 0:00:01]} Nxb7 {[%emt 0:00:06]} 49. Ke2 {[%emt 0:00:07]} Nc5 {[%emt 0:00:32]} 50. f3 {[%emt 0:00:17]} Kc4 {[%emt 0:00:08]} 51. Bd6 {[%emt 0:00:06]} d3+ {[%emt 0:01:30]} 52. Kd2 {[%emt 0:00:03]} Nb3+ {[%emt 0:00:06]} 53. Kd1 {[%emt 0:00:01]} Nd4 {[%emt 0:00:27]} 54. Kd2 {[%emt 0:00:19]} Ne6 {[%emt 0:01:47]} 55. Bg3 {[%emt 0:00:37]} g6 {[%emt 0:01:44]} 56. Bd6 {[%emt 0:00:10]} Nd4 {[%emt 0:00:22]} 57. Be7 {[%emt 0:00:16]} f5 {[%emt 0:00:08]} 58. Bf6 {[%emt 0:00:03]} Nb3+ {[%emt 0:00:06]} 59. Kd1 {[%emt 0:00:01]} Kd5 {[%emt 0:00:31]} 60. Bc3 {[%emt 0:00:31]} Ke6 {[%emt 0:00:43]} 61. Bb2 {[%emt 0:00:05]} f4 {[%emt 0:01:04]} 62. Bg7 {[%emt 0:00:05]} Kf5 {[%emt 0:00:08]} 63. Bf8 {[%emt 0:00:09]} g5 {[%emt 0:01:12]} 64. Be7 {[%emt 0:00:15]} Kg6 {[%emt 0:00:38]} 65. Bb4 {[%emt 0:00:17]} Kf6 {[%emt 0:02:40]} 66. Bc3+ {[%emt 0:00:09]} Kf5 {[%emt 0:00:09]} 67. Bb4 {[%emt 0:00:04]} h5 {[%emt 0:03:04]} 68. Be1 {[%emt 0:00:04]} g4 {[%emt 0:00:42]} 69. hxg4+ {[%emt 0:00:02]} hxg4 {[%emt 0:00:04]} 70. fxg4+ {[%emt 0:00:01]} Kxg4 {[%emt 0:00:08]} 71. Bf2 {[%emt 0:00:01]} Kf5 {[%emt 0:00:25]} 72. Be1 {[%emt 0:00:09]} Ke4 {[%emt 0:00:07]} 73. Bf2 {[%emt 0:00:12]} Nd4 {[%emt 0:01:57]} 74. Kd2 {[%emt 0:00:01]} Nf5 {[%emt 0:00:11]} 75. Ke1 {[%emt 0:00:40]} Ne3 {[%emt 0:01:32]} 76. g3 {[%emt 0:00:01]} f3 {[%emt 0:00:06]} 77. Kd2 {[%emt 0:00:08]} Ng4 {[%emt 0:00:21]} 0-1

[Event "46th OKU-A 2019"]
[Site "Utrecht"]
[Date "2019.06.02"]
[Round "6.7"]
[White "Van Kerkhof, David"]
[Black "Tabak, Stefan"]
[Result "0-1"]
[WhiteElo "2376"]
[BlackElo "2183"]
[Annotator "ChessBase"]
[PlyCount "84"]
[EventDate "2019.05.31"]
[EventType "swiss"]
[EventCountry "NED"]
[SourceTitle "playchess.com"]
[Source "ChessBase"]
[SourceQuality "1"]
[TimeControl "6600+10"]

1. e4 {[%emt 0:00:00]} c5 {[%emt 0:00:00]} 2. Nf3 {[%emt 0:00:01]} Nc6 {[%emt 0:00:00]} 3. d4 {[%emt 0:00:09]} cxd4 {[%emt 0:00:04]} 4. Nxd4 {[%emt 0:00:02]} e5 {[%emt 0:00:06]} 5. Nb5 {[%emt 0:00:19]} d6 {[%emt 0:00:07]} 6. N1c3 {[%emt 0:00:21]} a6 {[%emt 0:00:07]} 7. Na3 {[%emt 0:00:03]} b5 {[%emt 0:00:05]} 8. Nd5 {[%emt 0:00:03]} Nge7 {[%emt 0:00:04]} 9. c4 {[%emt 0:01:40]} Nxd5 {[%emt 0:00:51]} 10. exd5 {[%emt 0:00:33]} Nd4 {[%emt 0:00:22]} 11. cxb5 {[%emt 0:01:29]} Bd7 {[%emt 0:00:07]} 12. Bd3 {[%emt 0:06:08]} Be7 {[%emt 0:07:44]} 13. O-O {[%emt 0:00:37]} axb5 {[%emt 0:00:04]} 14. Be3 {[%emt 0:03:28]} Nf5 {[%emt 0:04:21]} 15. Bxf5 {[%emt 0:04:07]} Bxf5 {[%emt 0:00:09]} 16. Nxb5 {[%emt 0:00:04]} O-O {[%emt 0:00:36]} 17. a4 {[%emt 0:32:02]} Bd7 {[%emt 0:00:54]} 18. b3 {[%emt 0:00:11]} f5 {[%emt 0:04:42]} 19. f3 {[%emt 0:00:24]} f4 {[%emt 0:01:07]} 20. Bf2 {[%emt 0:00:29]} Rf6 {[%emt 0:00:28]} 21. Na7 {[%emt 0:02:53]} Qe8 {[%emt 0:03:29]} 22. Nc6 {[%emt 0:02:14]} Rh6 {[%emt 0:03:40]} 23. Nxe7+ {[%emt 0:04:49]} Qxe7 {[%emt 0:00:09]} 24. Qe2 {[%emt 0:07:03]} Qf7 {[%emt 0:04:15]} 25. Rfd1 {[%emt 0:08:24]} Qh5 {[%emt 0:00:35]} 26. Kf1 {[%emt 0:01:43]} Qxh2 {[%emt 0:00:19]} 27. Rd2 {[%emt 0:05:04]} Rg6 {[%emt 0:02:18]} 28. Bg1 {[%emt 0:00:32]} Qh1 {[%emt 0:00:36]} 29. b4 {[%emt 0:07:33]} Rxg2 {[%emt 0:02:50]} 30. Qxg2 {[%emt 0:00:23]} Bh3 {[%emt 0:00:04]} 31. b5 {[%emt 0:06:34]} Bxg2+ {[%emt 0:00:05]} 32. Rxg2 {[%emt 0:00:09]} Qh3 {[%emt 0:00:37]} 33. Bf2 {[%emt 0:03:22]} Qxf3 {[%emt 0:00:33]} 34. Kg1 {[%emt 0:00:03]} Qxd5 {[%emt 0:03:35]} 35. b6 {[%emt 0:01:29]} e4 {[%emt 0:01:02]} 36. Rb1 {[%emt 0:01:13]} e3 {[%emt 0:00:41]} 37. Bh4 {[%emt 0:00:02]} Qe4 {[%emt 0:02:04]} 38. Rgb2 {[%emt 0:00:20]} f3 {[%emt 0:02:46]} 39. b7 {[%emt 0:03:29]} Rb8 {[%emt 0:00:24]} 40. Bg3 {[%emt 0:00:36]} f2+ {[%emt 0:04:40]} 41. Kf1 {[%emt 0:01:34]} Qf3 {[%emt 0:00:54]} 42. Bxd6 {[%emt 0:00:49]} Rxb7 {[%emt 0:00:22]} 0-1

[Event "46th OKU-A 2019"]
[Site "Utrecht"]
[Date "2019.06.02"]
[Round "6.8"]
[White "Reichardt, Robin"]
[Black "Halfhide, Sebastian"]
[Result "0-1"]
[WhiteElo "1925"]
[BlackElo "2252"]
[Annotator "ChessBase"]
[PlyCount "94"]
[EventDate "2019.05.31"]
[EventType "swiss"]
[EventCountry "NED"]
[SourceTitle "playchess.com"]
[Source "ChessBase"]
[SourceQuality "1"]
[TimeControl "6600+10"]

1. d4 {[%emt 0:00:00]} Nf6 {[%emt 0:00:00]} 2. c4 {[%emt 0:00:04]} e6 {[%emt 0:00:58]} 3. Nf3 {[%emt 0:00:17]} b6 {[%emt 0:00:07]} 4. g3 {[%emt 0:00:43]} Ba6 {[%emt 0:02:05]} 5. b3 {[%emt 0:04:03]} Bb4+ {[%emt 0:00:40]} 6. Bd2 {[%emt 0:01:39]} Be7 {[%emt 0:00:10]} 7. Nc3 {[%emt 0:02:12]} d5 {[%emt 0:02:55]} 8. Bg2 {[%emt 0:05:38]} c6 {[%emt 0:06:36]} 9. cxd5 {[%emt 0:10:02]} cxd5 {[%emt 0:02:27]} 10. O-O {[%emt 0:01:49]} Nc6 {[%emt 0:03:23]} 11. Re1 {[%emt 0:09:34]} O-O {[%emt 0:07:31]} 12. Bg5 {[%emt 0:08:57]} Rc8 {[%emt 0:02:10]} 13. Qd2 {[%emt 0:12:42]} h6 {[%emt 0:15:42]} 14. Bxf6 {[%emt 0:07:10]} Bxf6 {[%emt 0:00:06]} 15. Rac1 {[%emt 0:03:23]} Be7 {[%emt 0:06:36]} 16. Qb2 {[%emt 0:05:49]} Qd6 {[%emt 0:00:41]} 17. Nb1 {[%emt 0:06:35]} Rc7 {[%emt 0:07:58]} 18. a3 {[%emt 0:02:54]} Rfc8 {[%emt 0:02:40]} 19. b4 {[%emt 0:01:47]} Bxe2 {[%emt 0:06:24]} 20. Rxc6 {[%emt 0:08:10]} Rxc6 {[%emt 0:00:29]} 21. Qxe2 {[%emt 0:00:50]} Rc1 {[%emt 0:02:50]} 22. Nbd2 {[%emt 0:02:10]} a5 {[%emt 0:00:59]} 23. Nb3 {[%emt 0:04:07]} Rxe1+ {[%emt 0:01:23]} 24. Qxe1 {[%emt 0:01:25]} a4 {[%emt 0:02:52]} 25. Nbd2 {[%emt 0:02:17]} Qc7 {[%emt 0:00:31]} 26. Qe3 {[%emt 0:05:47]} Qc1+ {[%emt 0:02:29]} 27. Bf1 {[%emt 0:00:17]} Bd6 {[%emt 0:02:05]} 28. Qd3 {[%emt 0:01:39]} Rc3 {[%emt 0:07:16]} 29. Qb5 {[%emt 0:00:16]} Rxa3 {[%emt 0:01:44]} 30. Qe8+ {[%emt 0:00:12]} Bf8 {[%emt 0:00:08]} 31. Ne5 {[%emt 0:01:13]} Qc7 {[%emt 0:00:47]} 32. Bb5 {[%emt 0:00:36]} Qe7 {[%emt 0:07:58]} 33. Bxa4 {[%emt 0:00:02]} f6 {[%emt 0:00:31]} 34. Ng6 {[%emt 0:00:36]} Qxe8 {[%emt 0:00:23]} 35. Bxe8 {[%emt 0:00:01]} Bxb4 {[%emt 0:00:15]} 36. Nf1 {[%emt 0:00:22]} Bd6 {[%emt 0:03:56]} 37. Bd7 {[%emt 0:00:37]} Kf7 {[%emt 0:00:58]} 38. Nh4 {[%emt 0:00:06]} Rd3 {[%emt 0:00:31]} 39. Nf3 {[%emt 0:00:15]} Rxf3 {[%emt 0:00:11]} 40. Ne3 {[%emt 0:00:01]} Bf4 {[%emt 0:01:51]} 41. gxf4 {[%emt 0:00:09]} Rxf4 {[%emt 0:00:07]} 42. Nc2 {[%emt 0:00:12]} Rf3 {[%emt 0:00:42]} 43. Ne3 {[%emt 0:00:12]} Rf4 {[%emt 0:00:45]} 44. Nc2 {[%emt 0:00:02]} Ke7 {[%emt 0:00:52]} 45. Bb5 {[%emt 0:00:05]} e5 {[%emt 0:00:58]} 46. Ne3 {[%emt 0:00:01]} Kd6 {[%emt 0:00:12]} 47. dxe5+ {[%emt 0:00:02]} fxe5 {[%emt 0:00:02]} 0-1

[Event "46th OKU-A 2019"]
[Site "Utrecht"]
[Date "2019.06.02"]
[Round "6.9"]
[White "Ondersteijn, Niels"]
[Black "Schouten, Jordy"]
[Result "1-0"]
[WhiteElo "2397"]
[BlackElo "2092"]
[Annotator "ChessBase"]
[PlyCount "77"]
[EventDate "2019.05.31"]
[EventType "swiss"]
[EventCountry "NED"]
[SourceTitle "playchess.com"]
[Source "ChessBase"]
[SourceQuality "1"]
[TimeControl "6600+10"]

1. c4 {[%emt 0:00:00]} e6 {[%emt 0:00:26]} 2. g3 {[%emt 0:00:00]} d5 {[%emt 0:00:04]} 3. Bg2 {[%emt 0:00:07]} c5 {[%emt 0:00:07]} 4. Nf3 {[%emt 0:00:58]} Nc6 {[%emt 0:02:28]} 5. O-O {[%emt 0:01:12]} Nf6 {[%emt 0:00:05]} 6. cxd5 {[%emt 0:00:23]} exd5 {[%emt 0:00:20]} 7. d4 {[%emt 0:00:14]} Be7 {[%emt 0:00:43]} 8. Nc3 {[%emt 0:00:55]} O-O {[%emt 0:00:42]} 9. b3 {[%emt 0:00:27]} Ne4 {[%emt 0:13:20]} 10. Bb2 {[%emt 0:02:36]} f5 {[%emt 0:00:40]} 11. dxc5 {[%emt 0:01:03]} Be6 {[%emt 0:00:33]} 12. Na4 {[%emt 0:04:17]} f4 {[%emt 0:16:10]} 13. Nd4 {[%emt 0:05:12]} Nxd4 {[%emt 0:00:58]} 14. Bxd4 {[%emt 0:04:25]} Qe8 {[%emt 0:09:02]} 15. Nc3 {[%emt 0:05:44]} Qh5 {[%emt 0:06:16]} 16. Nxe4 {[%emt 0:21:42]} dxe4 {[%emt 0:00:14]} 17. Qc2 {[%emt 0:00:41]} Bf5 {[%emt 0:22:23]} 18. Bxe4 {[%emt 0:03:14]} Rae8 {[%emt 0:12:32]} 19. Qc4+ {[%emt 0:07:00]} Kh8 {[%emt 0:00:26]} 20. Bxb7 {[%emt 0:01:03]} Bd8 {[%emt 0:01:36]} 21. Qc3 {[%emt 0:02:26]} Rf7 {[%emt 0:05:40]} 22. Bf3 {[%emt 0:02:21]} Bg4 {[%emt 0:00:34]} 23. Bxg4 {[%emt 0:02:58]} Qxg4 {[%emt 0:00:01]} 24. Qf3 {[%emt 0:00:17]} Qg6 {[%emt 0:01:04]} 25. g4 {[%emt 0:01:04]} h5 {[%emt 0:03:42]} 26. g5 {[%emt 0:00:56]} Rfe7 {[%emt 0:04:32]} 27. h4 {[%emt 0:05:36]} Rxe2 {[%emt 0:00:21]} 28. Rad1 {[%emt 0:01:12]} Rxa2 {[%emt 0:05:06]} 29. Rfe1 {[%emt 0:01:15]} Rf8 {[%emt 0:00:21]} 30. b4 {[%emt 0:03:30]} Ra4 {[%emt 0:03:46]} 31. Bc3 {[%emt 0:01:02]} Ra3 {[%emt 0:00:36]} 32. Bxg7+ {[%emt 0:04:05]} Qxg7 {[%emt 0:00:02]} 33. Qxa3 {[%emt 0:00:25]} f3 {[%emt 0:00:26]} 34. Rxd8 {[%emt 0:00:30]} Rxd8 {[%emt 0:00:04]} 35. Qxf3 {[%emt 0:00:08]} Rd4 {[%emt 0:00:19]} 36. Qxh5+ {[%emt 0:00:18]} Kg8 {[%emt 0:00:03]} 37. Re8+ {[%emt 0:00:07]} Qf8 {[%emt 0:00:06]} 38. Qg6+ {[%emt 0:00:05]} Kh8 {[%emt 0:00:01]} 39. Rxf8# {[%emt 0:00:01]} 1-0

[Event "46th OKU-A 2019"]
[Site "Utrecht"]
[Date "2019.06.02"]
[Round "6.10"]
[White "Van Randtwijk, Mick"]
[Black "Ootes, Lars"]
[Result "0-1"]
[WhiteElo "2079"]
[BlackElo "2360"]
[Annotator "ChessBase"]
[PlyCount "56"]
[EventDate "2019.05.31"]
[EventType "swiss"]
[EventCountry "NED"]
[SourceTitle "playchess.com"]
[Source "ChessBase"]
[SourceQuality "1"]
[TimeControl "6600+10"]

1. e4 {[%emt 0:00:00]} d6 {[%emt 0:00:00]} 2. d4 {[%emt 0:00:00]} Nf6 {[%emt 0:00:18]} 3. Nc3 {[%emt 0:00:06]} g6 {[%emt 0:00:04]} 4. Be3 {[%emt 0:00:16]} a6 {[%emt 0:01:31]} 5. Qd2 {[%emt 0:00:38]} b5 {[%emt 0:00:17]} 6. f3 {[%emt 0:00:10]} Nbd7 {[%emt 0:00:06]} 7. h4 {[%emt 0:03:15]} Nb6 {[%emt 0:02:00]} 8. Bd3 {[%emt 0:01:27]} h5 {[%emt 0:02:31]} 9. O-O-O {[%emt 0:02:37]} Bg7 {[%emt 0:00:58]} 10. Kb1 {[%emt 0:02:26]} c6 {[%emt 0:07:06]} 11. Nce2 {[%emt 0:04:14]} Nfd7 {[%emt 0:03:44]} 12. f4 {[%emt 0:07:44]} c5 {[%emt 0:03:32]} 13. e5 {[%emt 0:01:03]} c4 {[%emt 0:03:26]} 14. Be4 {[%emt 0:01:33]} d5 {[%emt 0:00:22]} 15. Bf3 {[%emt 0:00:21]} Nb8 {[%emt 0:00:28]} 16. Nh3 {[%emt 0:01:23]} Nc6 {[%emt 0:08:27]} 17. Ng5 {[%emt 0:03:25]} f6 {[%emt 0:09:55]} 18. exf6 {[%emt 0:03:48]} exf6 {[%emt 0:00:27]} 19. Nh3 {[%emt 0:00:07]} b4 {[%emt 0:01:20]} 20. Ng3 {[%emt 0:05:06]} Na4 {[%emt 0:04:04]} 21. Qe2 {[%emt 0:05:16]} Qa5 {[%emt 0:25:53]} 22. f5 {[%emt 0:22:39]} Nc3+ {[%emt 0:06:59]} 23. bxc3 {[%emt 0:00:08]} bxc3 {[%emt 0:00:52]} 24. Ka1 {[%emt 0:01:09]} Nb4 {[%emt 0:03:10]} 25. Bc1+ {[%emt 0:00:28]} Kd8 {[%emt 0:01:08]} 26. a3 {[%emt 0:00:08]} Qa4 {[%emt 0:01:49]} 27. Kb1 {[%emt 0:02:57]} Rb8 {[%emt 0:01:18]} 28. Bb2 {[%emt 0:01:27]} Nc6 {[%emt 0:01:45]} 0-1